=LDR 00000nam 2200000 4500 =001 INLIS000000000024424 =005 20130612123018 =008 ***********************************Ind** =035 ##$$0010-061300000024424 =041 ##$$a Ind =082 ##$$a 403 =090 ##$$a 403, Not k =100 ##$$a Notsudirjo, Swardi =245 ##$$a Kosakata istilah linguistika untuk SMTA, Swardi Notosudirjo =260 ##$$a 1991 $b Yogyakarta =300 ##$$a 80 hlmc21 cm =650 ##$$a Linguistk =850 ##$$a NBPNMAT =990 ##$$a 0001/BPAP-NTB/2015 =990 ##$$a 0001/BPAP-NTB/2015